Vista normal
Vista MARC
- Posología
Entrada Término temático
Número de registros utilizados en: 1
001 - NÚMERO DE CONTROL
- campo de control: 3572
003 - IDENTIFICADOR DEL NÚMERO DE CONTROL
- campo de control: DO-SdUEMH
005 - FECHA Y HORA DE LA ÚLTIMA TRANSACCIÓN
- campo de control: 20260410011403.0
008 - DATOS DE LONGITUD FIJA
- campo de control de longitud fija: 260410|| anz||babn | a|a d
040 ## - FUENTE DE LA CATALOGACIÓN
- Centro catalogador/agencia de origen: DO-SdUEMH
- Lengua de catalogación: spa
- Convención/Normas de encabezamiento de materia/tesauro: armarc
150 ## - ENCABEZAMIENTO--TÉRMINO DE MATERIA
- Término de materia o nombre geográfico como elemento de entrada: Posología
450 ## - TRAZADO DE VÉASE--TÉRMINO DE MATERIA
- Término de materia o nombre geográfico como elemento de entrada: Dosis de medicamentos
670 ## - FUENTE DE DATOS ENCONTRADOS
- Cita de la fuente: ARMARC
- Información encontrada: (Posología)




